Biggest Cities in Countries by First Letter-J - Statistics

General Stats
  • This quiz has been taken 24 times
  • The average score is 9 of 20
Answer Stats
Hint Answer % Correct
1,198,000 Kingston
96%
18,921,000 Osaka
96%
37,036,000 Tokyo
96%
2,058,000 Hiroshima
87%
9,531,000 Nagoya
87%
2,650,000 Sapporo
87%
2,274,000 Amman
83%
5,465,000 Fukuoka
78%
2,337,000 Sendai
52%
938,000 Chiba
39%
1,326,000 Niigata
30%
1,182,000 Kagoshima
22%
1,639,000 Okayama
22%
763,000 Zarqa
17%
2,003,000 Irbid
13%
1,492,000 Kumamoto
13%
2,930,000 Shizuoka
13%
706,000 Matsuyama
9%
1,655,000 Utsunomiya
4%
533,000 Russeifa
0%
No matching quizzes found
Score Distribution
Percent of People with Each Score
Percentile by Number Answered
Your Score History
You have not taken this quiz